00502nam a2200133 a 450000100100000000500170001000800410002704000250006808200150009311000260010824501450013426000530027930000360033200003225020200930063546.0110406s1927 dr ac 000 0 spa d aDO-SdBNPbspacBNPHU axxxbR426m1 aRepública Dominicna10aMensaje que al honorable Congreso Nacional presenta al ciudadano presidente de la República de su ejercicio administrativo del año 1926. aSanto Domingo :bImp. J. R. vda García,c1927. a311 p. :bil., retrs. ;c30 cm.